Deposition of fullerene films from the ablation plasma generated by high-power ion beams on graphite targets; Bulletin of the Russian Academy of Sciences: Physics; Vol. 72, № 7

Bibliographische Detailangaben
Parent link:Bulletin of the Russian Academy of Sciences: Physics.— , 1954-
Vol. 72, № 7.— 2008.— P. 944-947
Weitere Verfasser: Struts V. K., Petrov A. V., Ryabchikov A. I. Aleksandr Ilyich, Usov Y. P. Yuri Petrovich
Zusammenfassung:В фонде НТБ ТПУ отсутствует
Sprache:Englisch
Veröffentlicht: 2008
Schlagworte:
Format: MixedMaterials Buchkapitel
KOHA link:https://koha.lib.tpu.ru/cgi-bin/koha/opac-detail.pl?biblionumber=598938

MARC

LEADER 00000naa0a2200000 4500
001 598938
005 20250407110339.0
035 |a (RuTPU)RU\TPU\tpu\22745 
090 |a 598938 
100 |a 20130220d2008 k||y0rusy50 ba 
101 0 |a eng 
102 |a US 
200 1 |a Deposition of fullerene films from the ablation plasma generated by high-power ion beams on graphite targets  |f V. K. Struts [et al.] 
333 |a В фонде НТБ ТПУ отсутствует 
461 |t Bulletin of the Russian Academy of Sciences: Physics  |d 1954- 
463 |t Vol. 72, № 7  |v P. 944-947  |d 2008 
610 1 |a труды учёных ТПУ 
701 1 |a Struts  |b V. K. 
701 1 |a Petrov  |b A. V. 
701 1 |a Ryabchikov  |b A. I.  |c Professor of Tomsk Polytechnic University, Doctor of physical and mathematical sciences  |c physicist  |f 1950-  |g Aleksandr Ilyich  |3 (RuTPU)RU\TPU\pers\30912 
701 1 |a Usov  |b Y. P.  |c Professor of Tomsk Polytechnic University, Electrical engineer, Doctor of Technical Sciences  |f 1937-  |g Yuri Petrovich  |3 (RuTPU)RU\TPU\pers\28977 
801 1 |a RU  |b 63413507  |c 20130220 
801 2 |a RU  |b 63413507  |c 20130902  |g RCR 
942 |c CR